Les victoires de Wolverhampton depuis 2018 - Statistiques

Statistiques générales
  • Ce quiz a été pris 3 fois
  • Le résultat moyen est 23 sur 42
Statistiques - réponses
première victoire club compétition % Correct
24/04/2019 (3-1) Arsenal premier league
100%
10/11/2019 (2-1) Aston villa premier league
100%
09/05/2021 (2-1) Brighton premier league
100%
02/02/2019 (1-3) Everton premier league
100%
19/10/2020 (0-1) Leeds united premier league
100%
07/01/2019 (2-1) Liverpool fa cup
100%
06/10/2019 (0-2) Manchester city premier league
100%
16/03/2019 (2-1) Manchester united fa cup
100%
29/12/2018 (1-3) Tottenham premier league
100%
01/09/2018 (0-1) West ham premier league
100%
15/12/2018 (2-0) Bournemouth premier league
67%
22/01/2022 (1-2) Brentford premier league
67%
17/02/2019 (0-1) Bristol fa cup
67%
02/03/2019 (2-0) Cardiff City premier league
67%
05/12/2018 (2-1) Chelsea premier league
67%
06/10/2018 (0-1) Crystal Palace premier league
67%
04/05/2019 (1-0) Fulham premier league
67%
05/04/2025 (1-2) Ipswich town premier league
67%
19/01/2019 (4-3) Leicester premier league
67%
09/12/2018 (1-2) Newcastle premier league
67%
21/12/2019 (1-2) Norwich city premier league
67%
24/08/2021 (0-4) Nottingham forest carabao cup
67%
14/08/2020 (0-2) Sheffield united premier league
67%
28/01/2024 (0-2) West bromwich fa cup
67%
09/02/2025 (0-2) Blackburn fa cup
33%
29/08/2023 (5-0) Blackpool carabao cup
33%
16/09/2018 (1-0) Burnley premier league
33%
22/01/2021 (0-1) Chorley fa cup
33%
20/02/2020 (4-0) Espanyol Barcelone Europa league
33%
20/12/2022 (2-0) Gillingham carabao cup
33%
27/04/2024 (2-1) Luton town premier league
33%
23/08/2022 (2-1) Preston North end carabao cup
33%
29/09/2018 (2-0) Southampton premier league
33%
22/08/2019 (2-3) Torino Europa league barrage aller
33%
27/04/2019 (1-2) Watford premier league
33%
03/10/2019 (0-1) Besiktas Europa league
0%
15/02/2026 (0-1) Grimsby town fa cup
0%
06/08/2020 (1-0) Olympiakos Europa league
0%
25/09/2019 (5-3 T.A.B) Reading carabao cup
0%
28/08/2018 (0-2) Sheffield Wednesday carabao cup
0%
05/02/2019 (3-2) Shrewsbury fa cup
0%
24/10/2019 (1-2) Slovan bratislava Europa league
0%
Aucun quiz correspondant
Distribution des résultats
% des personnes avec chaque résultat
Percentile par nombre de réponses
Votre historique - résultats
Vous n’avez pas pris ce quiz